[Event "4NCL Online Division 4"]
[Site "online"]
[Date "2021.08.24"]
[EventDate "2021.08.24"]
[Round "1.121"]
[White "Buanne, Luca"]
[WhiteElo "1908"]
[WhiteTeam "Battersea Juniors"]
[Black "Nandi, Asoke K"]
[BlackElo "1407"]
[BlackTeam "Uxbridge Destroyers"]
[Result "1-0"]
[PlyCount "53"]

1. e4 e5 2. Nf3 Nc6 3. Bc4 Be7 4. d4 exd4 5. Nxd4 d6 6. O-O Nf6 7. Nc3 O-O 8. Nxc6 bxc6 9. Bg5 Ng4 10. Bxe7 Qxe7 11. Qd2 Ne5 12. Bb3 a5 13. a3 Qf6 14. Rad1 Qh4 15. f4 Ng4 16. h3 Nf6 17. Rde1 Nh5 18. Rf3 Qd8 19. Rd3 Qf6 20. Rf3 Qd8 21. Kh2 Nf6 22. e5 dxe5 23. Rd3 Nd7 24. fxe5 Qe7 25. e6 fxe6 26. Rxe6 Kh8 27. Rxe7 1-0

[Event "4NCL Online Division 4"]
[Site "online"]
[Date "2021.08.24"]
[EventDate "2021.08.24"]
[Round "1.122"]
[White "Hasan, Abu"]
[WhiteElo "1402"]
[WhiteTeam "Uxbridge Destroyers"]
[Black "Dupuis, Denis K"]
[BlackElo "1877"]
[BlackTeam "Battersea Juniors"]
[Result "0-1"]
[PlyCount "80"]

1. e4 e5 2. d4 exd4 3. c3 d5 4. exd5 Qxd5 5. Qxd4 Qxd4 6. cxd4 Nf6 7. Nf3 Nc6 8. Bc4 Bg4 9. Be3 Bxf3 10. gxf3 Rd8 11. Nd2 Nxd4 12. O-O-O Bc5 13. Ne4 Nxe4 14. fxe4 O-O 15. Kb1 Bb6 16. Rhg1 Ne6 17. Bxb6 axb6 18. Rc1 c6 19. Rg4 Rd2 20. Rcg1 g6 21. h4 Kh8 22. f4 Rd4 23. Bb3 Rxe4 24. h5 Rxf4 25. hxg6 Rxg4 26. Rxg4 hxg6 27. Rh4+ Kg7 28. a3 Nc5 29. Bc2 f5 30. b4 Ne6 31. Bb3 Kf6 32. Rh7 Rf7 33. Rh8 f4 34. Rh1 Rd7 35. Re1 Nd4 36. Ba2 Re7 37. Rd1 Nb5 38. a4 Nc3+ 39. Kc2 Nxd1 40. Kxd1 Re4 0-1

[Event "4NCL Online Division 4"]
[Site "online"]
[Date "2021.08.24"]
[EventDate "2021.08.24"]
[Round "1.123"]
[White "Agrawal, Shivam"]
[WhiteElo "1871"]
[WhiteTeam "Battersea Juniors"]
[Black "Tarigopula, Varish"]
[BlackElo "1366"]
[BlackTeam "Uxbridge Destroyers"]
[Result "1-0"]
[PlyCount "79"]

1. d4 d5 2. c4 e6 3. Nc3 Nf6 4. Bg5 Be7 5. e3 O-O 6. Nf3 Nbd7 7. a3 c6 8. Bd3 dxc4 9. Bxc4 Nb6 10. Bd3 Nfd5 11. Bxe7 Qxe7 12. Rc1 f6 13. Qc2 h6 14. Nh4 Re8 15. Bh7+ Kf7 16. Qg6+ Kf8 17. Qh5 Qc7 18. Nb5 Qb8 19. Ng6+ Kf7 20. Rxc6 Bd7 21. Nd6+ Qxd6 22. Rxd6 Re7 23. e4 Nc7 24. Rxb6 axb6 25. Nxe7+ Kxe7 26. O-O Be8 27. Bg6 Kf8 28. Rc1 Bc6 29. Qh3 Rd8 30. Qg3 Nb5 31. h4 Nxd4 32. Qc7 Rd7 33. Rxc6 Rxc7 34. Rxc7 Ne2+ 35. Kh2 Nf4 36. h5 e5 37. Rxb7 Nd3 38. Rf7+ Kg8 39. Re7 Kf8 40. Re8# 1-0

[Event "4NCL Online Division 4"]
[Site "online"]
[Date "2021.08.24"]
[EventDate "2021.08.24"]
[Round "1.124"]
[White "Martellotta, Gabriele"]
[WhiteElo "1333"]
[WhiteTeam "Uxbridge Destroyers"]
[Black "Ali, Shahvez"]
[BlackElo "1801"]
[BlackTeam "Battersea Juniors"]
[Result "0-1"]
[PlyCount "88"]

1. d4 e6 2. c4 Nf6 3. Nc3 Bb4 4. Nf3 c6 5. e3 d5 6. cxd5 exd5 7. Bd3 Bg4 8. O-O O-O 9. a3 Bd6 10. Rb1 Qc7 11. h3 Bh5 12. Kh1 Nbd7 13. b4 Rfe8 14. b5 Ne4 15. Rb3 Ndf6 16. bxc6 bxc6 17. Na2 Rab8 18. Nb4 Bxb4 19. axb4 Qd7 20. Be2 a5 21. bxa5 Rxb3 22. Qxb3 Qa7 23. a6 Bxf3 24. gxf3 Nd6 25. Ba3 Rb8 26. Qa4 Nb5 27. Qa5 Ne8 28. Bc5 Qd7 29. Kh2 Nec7 30. Rb1 Ra8 31. a7 h6 32. Bb6 Qd6+ 33. f4 Qe7 34. Bxb5 Nxb5 35. Ra1 Qh4 36. Kg2 Nd6 37. Bc7 Ne4 38. Ra2 g5 39. Qb6 g4 40. Qb8+ Kh7 41. Qxa8 Qxh3+ 42. Kg1 g3 43. f3 g2 44. Rxg2 Ng3 0-1

[Event "4NCL Online Division 4"]
[Site "online"]
[Date "2021.08.24"]
[EventDate "2021.08.24"]
[Round "1.131"]
[White "Smith, Ryan S"]
[WhiteElo "1952"]
[WhiteTeam "Brentwood Juniors"]
[Black "Pearce, Mark"]
[BlackElo "1750"]
[BlackTeam "Hackney Hungry"]
[Result "1/2-1/2"]
[PlyCount "136"]

1. e4 c5 2. Nf3 Nc6 3. Bb5 g6 4. O-O Bg7 5. c3 Nf6 6. Re1 O-O 7. d4 cxd4 8. cxd4 d5 9. e5 Ne4 10. Nc3 Nxc3 11. bxc3 Bd7 12. Qb3 e6 13. Ba3 Re8 14. Bd3 Na5 15. Qc2 Rc8 16. Rab1 b6 17. Bc1 Qc7 18. Bd2 Nc4 19. Bxc4 Qxc4 20. Qb3 Ba4 21. Qxc4 Rxc4 22. Rb4 Rec8 23. Reb1 Bf8 24. Rxc4 Rxc4 25. Ne1 b5 26. Kf1 b4 27. cxb4 Rxd4 28. Nf3 Bb5+ 29. Kg1 Re4 30. Be3 a6 31. a3 Bg7 32. Rc1 Rc4 33. Rxc4 dxc4 34. Bd4 Bh6 35. Bb2 Kf8 36. a4 Bxa4 37. Kf1 Ke7 38. Ke1 Kd7 39. Nd2 Bf8 40. Bc3 Bc6 41. g3 Bd5 42. Nb1 Kc6 43. Na3 a5 44. Nc2 axb4 45. Nxb4+ Kb5 46. Nc2 Bc5 47. Nd4+ Ka4 48. Kd1 Ka3 49. f4 Ka4 50. Kc1 h5 51. Kd2 Ka3 52. Kc1 Ka2 53. Kd2 Kb1 54. Ne2 Be4 55. Nd4 Ba3 56. Ba5 Bc1+ 57. Kc3 Bd3 58. Nb5 Bb2+ 59. Kd2 Ka2 60. Bc3 Ba3 61. Nxa3 Kxa3 62. h4 Kb3 63. Ba5 Bb1 64. Bc3 Bf5 65. Ba5 Bd3 66. Bc3 Bf5 67. Ba5 Bd3 68. Bc3 Bf5 1/2-1/2

[Event "4NCL Online Division 4"]
[Site "online"]
[Date "2021.08.24"]
[EventDate "2021.08.24"]
[Round "1.132"]
[White "Caceres de la Calle, Eduardo"]
[WhiteElo "1687"]
[WhiteTeam "Hackney Hungry"]
[Black "Willoughby, Christopher"]
[BlackElo "1683"]
[BlackTeam "Brentwood Juniors"]
[Result "1-0"]
[PlyCount "125"]

1. c4 e5 2. Nc3 Nf6 3. g3 Be7 4. Bg2 c6 5. e4 d6 6. b3 Be6 7. Nge2 O-O 8. O-O d5 9. cxd5 cxd5 10. d4 Nxe4 11. Nxe4 dxe4 12. Bxe4 Bd5 13. Bxd5 Qxd5 14. dxe5 Qxe5 15. Bf4 Qf6 16. Qd5 Nc6 17. Rad1 Rad8 18. Qb5 Qb2 19. Rxd8 Rxd8 20. Qxb7 Qxe2 21. Qxc6 Qxa2 22. Re1 Qa3 23. Qb7 Kf8 24. Bc7 Qb4 25. Qxb4 Bxb4 26. Ra1 Rd7 27. Rxa7 Bc5 28. Ra8+ Ke7 29. Bf4 Rd1+ 30. Kg2 Rb1 31. Rc8 Bb6 32. Rb8 Bd4 33. Rb4 Bc5 34. Rc4 Bb6 35. Rb4 Bc5 36. Rc4 Bb6 37. Rb4 Bc5 38. Rb7+ Ke6 39. Kf3 h6 40. h4 Rd1 41. b4 Be7 42. b5 Rd7 43. Rxd7 Kxd7 44. Ke4 Bc5 45. Be3 Bd6 46. Kd5 Bb8 47. g4 Bh2 48. b6 Bb8 49. Bd4 f6 50. Be3 Bh2 51. f4 g6 52. Bd4 Bxf4 53. Bxf6 h5 54. g5 Kc8 55. Be5 Be3 56. Kc6 Bxb6 57. Kxb6 Kd7 58. Kc5 Ke6 59. Kd4 Kf5 60. Bg3 Kg4 61. Be1 Kf4 62. Kd5 Kf5 63. Kd6 1-0

[Event "4NCL Online Division 4"]
[Site "online"]
[Date "2021.08.24"]
[EventDate "2021.08.24"]
[Round "1.133"]
[White "Molostvov, Dmitry M"]
[WhiteElo "1756"]
[WhiteTeam "Brentwood Juniors"]
[Black "Burgoyne, Peter A"]
[BlackElo "1665"]
[BlackTeam "Hackney Hungry"]
[Result "1-0"]
[PlyCount "123"]

1. d4 Nf6 2. c4 e6 3. Nc3 Bb4 4. Qc2 O-O 5. Nf3 b6 6. a3 Bxc3+ 7. Qxc3 Bb7 8. Bg5 d6 9. g3 h6 10. Bxf6 Qxf6 11. Bg2 Nd7 12. O-O c5 13. Rfd1 Rfd8 14. Ne1 Bxg2 15. Kxg2 Rac8 16. Rac1 cxd4 17. Qxd4 Qxd4 18. Rxd4 d5 19. b3 Nc5 20. Rb1 dxc4 21. Rxc4 Nb7 22. Rbc1 Rxc4 23. Rxc4 Rd7 24. Nd3 f6 25. h4 Kf7 26. h5 Ke7 27. g4 e5 28. Rc2 Nd6 29. a4 Ne4 30. f3 Ng5 31. Nf2 Ne6 32. e3 Rc7 33. Rxc7+ Nxc7 34. Ne4 Ke6 35. Kf2 Nd5 36. Ke2 Ne7 37. Kd3 f5 38. gxf5+ Nxf5 39. f4 Nd6 40. Nxd6 Kxd6 41. Ke4 exf4 42. exf4 Ke6 43. b4 a6 44. b5 a5 45. f5+ Kf6 46. Kd5 Kxf5 47. Kc6 g6 48. hxg6 Kxg6 49. Kxb6 h5 50. Kxa5 h4 51. b6 h3 52. b7 h2 53. b8=Q h1=Q 54. Qd6+ Kf7 55. Qc7+ Ke8 56. Qc8+ Ke7 57. Qc7+ Ke6 58. Kb6 Qb1+ 59. Ka7 Qa2 60. a5 Qa4 61. a6 Qa3 62. Kb7 1-0

[Event "4NCL Online Division 4"]
[Site "online"]
[Date "2021.08.24"]
[EventDate "2021.08.24"]
[Round "1.134"]
[White "Frankl, Mischa"]
[WhiteElo "1716"]
[WhiteTeam "Hackney Hungry"]
[Black "Willoughby, Charlotte"]
[BlackElo "1622"]
[BlackTeam "Brentwood Juniors"]
[Result "0-1"]
[PlyCount "78"]

1. e4 c5 2. Nf3 Nc6 3. c3 e5 4. Bb5 Qc7 5. d4 exd4 6. cxd4 cxd4 7. Nxd4 Bc5 8. Be3 Nf6 9. Bxc6 dxc6 10. Qc2 Bb4+ 11. Bd2 Bxd2+ 12. Nxd2 O-O 13. O-O Re8 14. f4 Qb6 15. Nf3 Bg4 16. Kh1 Nxe4 17. Rae1 Bxf3 18. Nxf3 Nf6 19. Ne5 Rad8 20. Nc4 Qc7 21. Ne5 Nd5 22. Qf5 f6 23. Nd3 Ne3 24. Qh5 Qf7 25. Qxf7+ Kxf7 26. Ne5+ fxe5 27. Rxe3 exf4 28. Rxf4+ Kg8 29. Rxe8+ Rxe8 30. Kg1 h6 31. Rd4 Re2 32. Rb4 b5 33. Kf1 Rc2 34. Rb3 a5 35. a4 b4 36. Rd3 Rxb2 37. Rd8+ Kh7 38. Rc8 Rc2 39. Rb8 Ra2 0-1

[Event "4NCL Online Division 4"]
[Site "online"]
[Date "2021.08.24"]
[EventDate "2021.08.24"]
[Round "1.141"]
[White "Trudeau, Gary"]
[WhiteElo "1745"]
[WhiteTeam "Calstock Killers"]
[Black "Angelopoulos, Nicos"]
[BlackElo "1620"]
[BlackTeam "Barnet Knights C"]
[Result "1-0"]
[PlyCount "71"]

1. e4 c6 2. Nc3 d5 3. Qf3 dxe4 4. Nxe4 Nf6 5. Bc4 e6 6. Nxf6+ Qxf6 7. Qxf6 gxf6 8. d3 b5 9. Bb3 a5 10. a4 b4 11. Ne2 c5 12. O-O Bb7 13. Nf4 Nc6 14. Nh5 Be7 15. Be3 Rg8 16. f3 Nd4 17. Bxd4 cxd4 18. Rae1 Kd7 19. Nf4 Ra6 20. Bc4 Rd6 21. Bb5+ Bc6 22. Bxc6+ Rxc6 23. Re2 Rgc8 24. Rff2 Rc5 25. g3 Bf8 26. Ng2 f5 27. f4 Be7 28. Ne1 h5 29. Nf3 Bf6 30. b3 Kd6 31. Kf1 Be7 32. Ne5 f6 33. Nc4+ Kc7 34. Rxe6 Bf8 35. Rxf6 Bg7 36. Rf7+ 1-0

[Event "4NCL Online Division 4"]
[Site "online"]
[Date "2021.08.24"]
[EventDate "2021.08.24"]
[Round "1.142"]
[White "Sarkar, Rian"]
[WhiteElo "1539"]
[WhiteTeam "Barnet Knights C"]
[Black "Kirkman, Nigel J"]
[BlackElo "1692"]
[BlackTeam "Calstock Killers"]
[Result "0-1"]
[PlyCount "128"]

1. d4 f5 2. c4 Nf6 3. Bg5 e6 4. Bxf6 Qxf6 5. Nf3 b6 6. Nc3 Bb7 7. e3 Bb4 8. Be2 O-O 9. Qb3 c5 10. O-O Bxc3 11. bxc3 Na6 12. Qb5 Rfd8 13. Rfd1 Nc7 14. Qb2 d6 15. a4 Rab8 16. Nd2 Qg6 17. Bf3 Bxf3 18. Nxf3 Qf6 19. Qe2 e5 20. d5 e4 21. Ne1 Qxc3 22. Qc2 Qf6 23. g3 Na6 24. Ng2 Nb4 25. Qb3 g5 26. h4 h6 27. hxg5 hxg5 28. Ne1 Rd7 29. Nc2 Nd3 30. Ne1 Ne5 31. Kf1 Qh6 32. Ke2 Ng4 33. Nc2 Rh7 34. Rh1 Nh2 35. a5 Qh5+ 36. Kd2 Qf3 37. Kc3 Qxf2 38. axb6 Rxb6 39. Qa4 Re7 40. Rad1 Qxg3 41. Rdg1 Qe5+ 42. Kd2 Nf3+ 43. Ke2 Nxg1+ 44. Rxg1 Qh2+ 45. Kf1 Rb1+ 46. Ne1 Rxe1+ 47. Kxe1 Qxg1+ 48. Ke2 Qg2+ 49. Ke1 Qg3+ 50. Ke2 f4 51. Qa6 Qxe3+ 52. Kd1 Qd4+ 53. Ke1 Qf6 54. Qc8+ Kf7 55. Qh3 Kg7 56. Qg4 Rb7 57. Qd1 Qc3+ 58. Kf1 Qd3+ 59. Qxd3 exd3 60. Ke1 Rb2 61. Kd1 Re2 62. Kc1 f3 63. Kb1 f2 64. Kc1 f1=Q# 0-1

[Event "4NCL Online Division 4"]
[Site "online"]
[Date "2021.08.24"]
[EventDate "2021.08.24"]
[Round "1.143"]
[White "Hill, Michael"]
[WhiteElo "1701"]
[WhiteTeam "Calstock Killers"]
[Black "Angelopoulos, Andreas"]
[BlackElo "1477"]
[BlackTeam "Barnet Knights C"]
[Result "1/2-1/2"]
[PlyCount "67"]

1. Nf3 Nf6 2. c4 e6 3. e3 b6 4. a3 Bb7 5. d4 d6 6. Be2 Nbd7 7. Nbd2 c5 8. dxc5 bxc5 9. O-O Be7 10. b3 O-O 11. Bb2 Qb6 12. Qc2 a5 13. Rab1 Bc6 14. Bd3 Rab8 15. Bxf6 Nxf6 16. Rfe1 Qa7 17. e4 e5 18. g3 Rb6 19. Nh4 g6 20. Ng2 Rfb8 21. Rb2 a4 22. Qc3 axb3 23. Nxb3 Ra6 24. Na5 Rxb2 25. Nxc6 Rxc6 26. Qxb2 Ra6 27. Ra1 Bd8 28. Qb3 Ba5 29. Ne3 Qa8 30. Nd5 Nxd5 31. cxd5 Ra7 32. a4 Bb4 33. Bb5 Ra5 34. Rf1 1/2-1/2

[Event "4NCL Online Division 4"]
[Site "online"]
[Date "2021.08.24"]
[EventDate "2021.08.24"]
[Round "1.151"]
[White "Gardiner, Harry"]
[WhiteElo "1698"]
[WhiteTeam "Crewe BOL"]
[Black "Lockett, Daniel"]
[BlackElo "1694"]
[BlackTeam "Shropshire and Friends 5"]
[Result "1/2-1/2"]
[PlyCount "35"]

1. d4 d5 2. c4 Nc6 3. Nc3 Nf6 4. Nf3 Bg4 5. Bg5 Bxf3 6. exf3 e6 7. cxd5 exd5 8. Bb5 Be7 9. O-O O-O 10. Re1 a6 11. Ba4 b5 12. Bb3 Re8 13. Bxf6 Bxf6 14. Bxd5 Qd6 15. Rxe8+ Rxe8 16. Bxc6 Qxc6 17. Ne4 Rd8 18. Nxf6+ 1/2-1/2

[Event "4NCL Online Division 4"]
[Site "online"]
[Date "2021.08.24"]
[EventDate "2021.08.24"]
[Round "1.152"]
[White "Bailey, Adrian"]
[WhiteElo "1678"]
[WhiteTeam "Shropshire and Friends 5"]
[Black "Price, David P"]
[BlackElo "1546"]
[BlackTeam "Crewe BOL"]
[Result "0-1"]
[PlyCount "90"]

1. d4 f5 2. c4 g6 3. Nf3 Nf6 4. Nc3 Bg7 5. g3 O-O 6. Bg2 d6 7. O-O Qe8 8. b3 e5 9. dxe5 dxe5 10. Ba3 Rf7 11. Ng5 Rd7 12. Qc2 h6 13. Nh3 c6 14. e4 Rd4 15. Bc5 Rd8 16. Rad1 Na6 17. Rxd8 Qxd8 18. Rd1 Qe8 19. Ba3 Be6 20. f4 Ng4 21. Bc1 Rd8 22. Nf2 Nb4 23. Rxd8 Qxd8 24. Qd2 Qb6 25. Na4 Qxf2+ 26. Qxf2 Nxf2 27. Nc5 Bc8 28. Kxf2 exf4 29. Ke2 fxg3 30. hxg3 b6 31. Nd3 Nxd3 32. Kxd3 fxe4+ 33. Kxe4 c5 34. Ke3 Bd4+ 35. Ke2 g5 36. Be4 Kg7 37. Bd2 Kf6 38. Be3 Ke5 39. Bd3 Bg4+ 40. Kf2 h5 41. Bc2 h4 42. gxh4 gxh4 43. Bxd4+ Kxd4 44. Kg2 Kc3 45. Be4 Kb2 0-1

[Event "4NCL Online Division 4"]
[Site "online"]
[Date "2021.08.24"]
[EventDate "2021.08.24"]
[Round "1.153"]
[White "Tilton, Lee"]
[WhiteElo "1407"]
[WhiteTeam "Crewe BOL"]
[Black "Cox, Paul"]
[BlackElo "1659"]
[BlackTeam "Shropshire and Friends 5"]
[Result "0-1"]
[PlyCount "96"]

1. d4 d5 2. c4 e6 3. cxd5 exd5 4. Nc3 c6 5. Nf3 Bf5 6. Bf4 Nd7 7. Qb3 Qb6 8. Qxb6 axb6 9. a3 Ngf6 10. e3 h6 11. Be2 Be7 12. O-O O-O 13. Rac1 b5 14. Nh4 Bh7 15. Nf3 Nb6 16. Ne5 Ne4 17. Nd3 Nxc3 18. Rxc3 Nc4 19. Nc5 Nxb2 20. Nxb7 Ra7 21. Nd6 Nc4 22. Bxc4 dxc4 23. f3 Rd8 24. Ne4 Rxa3 25. Rxa3 Bxa3 26. Ra1 b4 27. Nc5 b3 28. Nxb3 cxb3 29. Rxa3 b2 30. Rb3 b1=Q+ 31. Rxb1 Bxb1 32. Kf2 f6 33. g4 g5 34. Bg3 Rd5 35. h4 c5 36. dxc5 Rxc5 37. hxg5 hxg5 38. Bd6 Rd5 39. Be7 Kf7 40. Bb4 Ke6 41. e4 Rd3 42. Ke2 Rb3 43. Ba5 Rb2+ 44. Ke3 Ba2 45. Bd2 Bc4 46. Bc3 Rb3 47. Kd2 Bf1 48. Ba5 Rxf3 0-1

[Event "4NCL Online Division 4"]
[Site "online"]
[Date "2021.08.24"]
[EventDate "2021.08.24"]
[Round "1.154"]
[White "Salter, Ivor"]
[WhiteElo "1590"]
[WhiteTeam "Shropshire and Friends 5"]
[Black "Crosby, Andrew"]
[BlackElo "1435"]
[BlackTeam "Crewe BOL"]
[Result "1-0"]
[PlyCount "75"]

1. e4 Nc6 2. d4 d5 3. e5 Bf5 4. c3 e6 5. Nf3 f6 6. Bb5 Ne7 7. O-O a6 8. Ba4 b5 9. Bc2 fxe5 10. dxe5 Bxc2 11. Qxc2 Nf5 12. Bf4 Be7 13. Nbd2 O-O 14. Bg3 Nxg3 15. fxg3 b4 16. Rad1 Na5 17. b3 bxc3 18. Qxc3 Nb7 19. b4 c5 20. a3 Rc8 21. Qb2 c4 22. Qc3 a5 23. Kh1 Qb6 24. Rb1 axb4 25. axb4 Rfd8 26. Nd4 Rb8 27. N2f3 Rf8 28. h3 Nd8 29. b5 Bc5 30. Ne2 Nb7 31. Nf4 Be7 32. Nd4 Nc5 33. Nc6 Rbe8 34. Nxe7+ Rxe7 35. Qb4 Ref7 36. Rf3 g5 37. Nh5 Rf6 38. exf6 1-0

[Event "4NCL Online Division 4"]
[Site "online"]
[Date "2021.08.24"]
[EventDate "2021.08.24"]
[Round "1.161"]
[White "Thackray, John"]
[WhiteElo "1929"]
[WhiteTeam "St Andrews White Cross"]
[Black "McBeath, Joel"]
[BlackElo "1686"]
[BlackTeam "Ashton"]
[Result "0-1"]
[PlyCount "96"]

1. c4 b6 2. d4 Nf6 3. Nc3 Bb7 4. Nf3 e6 5. a3 d5 6. Bg5 Be7 7. e3 O-O 8. Bd3 dxc4 9. Bxc4 Nbd7 10. O-O c5 11. d5 Nxd5 12. Bxd5 Bxd5 13. Bxe7 Qxe7 14. Nxd5 exd5 15. Qxd5 Nf6 16. Qc4 Rfd8 17. Rfd1 h6 18. h3 Rxd1+ 19. Rxd1 Rd8 20. Rxd8+ Qxd8 21. Qa4 Qd7 22. Qxd7 Nxd7 23. Kf1 Kf8 24. Ke2 Ke7 25. Kd3 Kd6 26. Kc4 Kc6 27. Nh4 b5+ 28. Kc3 g6 29. Nf3 Kd5 30. Nd2 Nf6 31. f3 Ke5 32. Nb3 Kd5 33. Nd2 Nd7 34. b3 a5 35. a4 b4+ 36. Kc2 Nb6 37. Kd3 f5 38. g4 fxg4 39. fxg4 g5 40. e4+ Ke5 41. Nc4+ Nxc4 42. Kxc4 Kxe4 43. Kxc5 Kd3 44. Kb5 Kc3 45. Kxa5 Kxb3 46. Kb5 Kc3 47. a5 b3 48. a6 b2 0-1

[Event "4NCL Online Division 4"]
[Site "online"]
[Date "2021.08.24"]
[EventDate "2021.08.24"]
[Round "1.162"]
[White "Acharya, Kandara"]
[WhiteElo "1604"]
[WhiteTeam "Ashton"]
[Black "Rich, Aaron"]
[BlackElo "1774"]
[BlackTeam "St Andrews White Cross"]
[Result "0-1"]
[PlyCount "100"]

1. e4 e6 2. d4 b6 3. Nf3 Bb7 4. Nc3 Bb4 5. Bd3 Ne7 6. O-O O-O 7. a3 Bxc3 8. bxc3 f5 9. e5 Nbc6 10. c4 Ng6 11. Re1 Nce7 12. c3 Rc8 13. Bc2 c5 14. Bb3 Be4 15. Ng5 Bb7 16. f4 h6 17. Nf3 cxd4 18. cxd4 a6 19. d5 b5 20. d6 Nc6 21. cxb5 axb5 22. Nd4 Qb6 23. Be3 Nxd4 24. Bxd4 Qc6 25. Qd2 Nxf4 26. Ra2 Nd5 27. Rc2 Qa6 28. Bb2 Rxc2 29. Qxc2 Rc8 30. Qd2 Qc6 31. Rc1 Qb6+ 32. Kh1 f4 33. Rxc8+ Bxc8 34. Bxd5 exd5 35. Qxd5+ Kh8 36. Qf3 Bb7 37. Qxf4 Qc6 38. Qf2 Qe4 39. h3 Qd3 40. Kh2 Kg8 41. Qb6 Bc6 42. Qd8+ Kh7 43. Qf8 Qc2 44. Qf1 Qxb2 45. Qf5+ Kg8 46. Qg6 Qxe5+ 47. Kh1 Qe6 48. Qg3 Qf5 49. Qb3+ Bd5 50. Qd1 Qxh3+ 0-1

[Event "4NCL Online Division 4"]
[Site "online"]
[Date "2021.08.24"]
[EventDate "2021.08.24"]
[Round "1.163"]
[White "Clayton, Ashley"]
[WhiteElo "1593"]
[WhiteTeam "St Andrews White Cross"]
[Black "Shaughnessy, Phillip"]
[BlackElo "1462"]
[BlackTeam "Ashton"]
[Result "1-0"]
[PlyCount "57"]

1. e4 e5 2. Nc3 Nf6 3. f4 d5 4. fxe5 Nxe4 5. Qf3 Nxc3 6. bxc3 Nc6 7. d4 Be7 8. Bd3 O-O 9. Ne2 f5 10. Nf4 g5 11. Nxd5 g4 12. Nxe7+ Nxe7 13. Qg3 Ng6 14. O-O Qd5 15. Bf4 b6 16. Qe3 Bb7 17. Qe2 Kh8 18. Bg5 h5 19. Bxf5 Kh7 20. Bd3 Rf7 21. Rxf7+ Qxf7 22. Rf1 Qxa2 23. c4 Kg7 24. Bf6+ Kh7 25. Bxg6+ Kxg6 26. Qd3+ Kh6 27. Qe3+ Kh7 28. Qg5 Qxc2 29. Qg7# 1-0

[Event "4NCL Online Division 4"]
[Site "online"]
[Date "2021.08.24"]
[EventDate "2021.08.24"]
[Round "1.164"]
[White "Williamson, Ben"]
[WhiteElo "1300"]
[WhiteTeam "Ashton"]
[Black "Bettley, Mark S"]
[BlackElo "1543"]
[BlackTeam "St Andrews White Cross"]
[Result "0-1"]
[PlyCount "84"]

1. e4 e5 2. Nf3 Nc6 3. Bc4 d6 4. d4 exd4 5. Nxd4 Nxd4 6. Qxd4 Be6 7. Nc3 a6 8. O-O Nf6 9. Bg5 Be7 10. Bxe6 fxe6 11. Rad1 e5 12. Qc4 Qd7 13. Nd5 Nxd5 14. Bxe7 Nxe7 15. f4 Nc6 16. Rd2 O-O-O 17. b4 Rhf8 18. f5 Nd4 19. c3 Qb5 20. Qxb5 Nxb5 21. c4 Nd4 22. Rdf2 Rf6 23. g4 Rdf8 24. g5 R6f7 25. h4 Kd7 26. h5 Ke8 27. g6 Rf6 28. Kg2 h6 29. a4 Kd7 30. b5 axb5 31. axb5 Ra8 32. Rb2 b6 33. Kf2 Nxf5 34. exf5 Rxf5+ 35. Ke2 Rxf1 36. Kxf1 Rf8+ 37. Ke1 Rf4 38. Rc2 Ke6 39. Rc3 Kf5 40. Ke2 Kg5 41. Ke3 Kxh5 42. Ra3 Kxg6 0-1

[Event "4NCL Online Division 4"]
[Site "online"]
[Date "2021.09.07"]
[EventDate "2021.09.07"]
[Round "2.11"]
[White "Herman, Thomas"]
[WhiteElo "1832"]
[WhiteTeam "Eagle and Child"]
[Black "Shkuratovskyi, Artemiy"]
[BlackElo "1390"]
[BlackTeam "Kent KJCA Kestrels 5"]
[Result "1-0"]
[PlyCount "74"]

1. e4 d5 2. exd5 Qxd5 3. Nf3 Bg4 4. Be2 Nf6 5. O-O Nbd7 6. d4 c6 7. c4 Qa5 8. Nc3 Bxf3 9. Bxf3 e6 10. d5 cxd5 11. cxd5 exd5 12. Re1+ Be7 13. Qe2 Qd8 14. Bf4 Nf8 15. Nb5 Ne6 16. Rad1 Nxf4 17. Qe5 Nd3 18. Rxd3 O-O 19. Qxe7 Qa5 20. Nd6 Rab8 21. Red1 Rbe8 22. Nxb7 Qb6 23. Qc5 Qxb7 24. Qd4 Rd8 25. h3 Rfe8 26. a4 Qc7 27. Qc3 Qb7 28. b4 Re6 29. b5 Red6 30. Rd4 h6 31. Qb4 Qc7 32. a5 Kh8 33. Rb1 Rb8 34. Rd3 Kg8 35. Rc3 Qd8 36. Rd1 Ne8 37. Qc5 Qxa5 1-0

[Event "4NCL Online Division 4"]
[Site "online"]
[Date "2021.09.07"]
[EventDate "2021.09.07"]
[Round "2.12"]
[White "Manikandan, Gaurav"]
[WhiteElo "1338"]
[WhiteTeam "Kent KJCA Kestrels 5"]
[Black "Monteiro, Paulo"]
[BlackElo "1826"]
[BlackTeam "Eagle and Child"]
[Result "1/2-1/2"]
[PlyCount "161"]

1. e4 e5 2. Nf3 Nc6 3. Bc4 Nf6 4. O-O Bc5 5. d3 d6 6. h3 Be6 7. Bb3 h6 8. Nc3 Qd7 9. Bxe6 fxe6 10. a4 O-O 11. Be3 Nd4 12. Bxd4 exd4 13. Ne2 e5 14. Ng3 Rae8 15. Qd2 a6 16. b4 Ba7 17. Nf5 d5 18. Rfe1 dxe4 19. dxe4 c5 20. b5 c4 21. N3h4 Bc5 22. Rab1 Re6 23. bxa6 Rxa6 24. Rb5 b6 25. Ng6 Rfa8 26. Nxe5 Qe6 27. Ng6 Rxa4 28. Rxc5 bxc5 29. e5 Ra1 30. Rxa1 Rxa1+ 31. Kh2 Nh7 32. Nfe7+ Kf7 33. Qf4+ Ke8 34. Qe4 Nf8 35. f4 Nxg6 36. Nxg6 Ra6 37. f5 Qc6 38. Qf4 Qc7 39. Qe4 Qc6 40. Qf4 Qd5 41. Qh4 Rxg6 42. fxg6 Qxe5+ 43. Kh1 Qe6 44. Qg3 Kd7 45. Qf3 Qxg6 46. Qb7+ Ke8 47. Qc8+ Kf7 48. Qxc5 Qxc2 49. Qxd4 c3 50. Qd5+ Kg6 51. Kh2 Qf5 52. Qc6+ Qf6 53. Qe4+ Kf7 54. Qc4+ Ke7 55. Qc7+ Ke6 56. Qc6+ Kf7 57. Qc5 Qf4+ 58. g3 Qd2+ 59. Kg1 c2 60. Qf5+ Ke7 61. Qe5+ Kd8 62. Qb8+ Kd7 63. Qb7+ Ke6 64. Qe4+ Kd6 65. Qg6+ Kc5 66. Qf5+ Kc4 67. Qc8+ Kd3 68. Qa6+ Ke3 69. Qe6+ Kd3 70. Qa6+ Ke4 71. Qc6+ Ke5 72. Qe8+ Kf6 73. Qc6+ Kf7 74. Qb7+ Ke8 75. Qa8+ Kd7 76. Qb7+ Kd6 77. Qb6+ Ke5 78. Qc7+ Ke4 79. Qc6+ Ke3 80. Qe6+ Kd3 81. Qa6+ 1/2-1/2

[Event "4NCL Online Division 4"]
[Site "online"]
[Date "2021.09.07"]
[EventDate "2021.09.07"]
[Round "2.13"]
[White "Weber, Simon"]
[WhiteElo "1685"]
[WhiteTeam "Eagle and Child"]
[Black "Sanka, Amit Aryan"]
[BlackElo "1267"]
[BlackTeam "Kent KJCA Kestrels 5"]
[Result "1-0"]
[PlyCount "55"]

1. c4 Nf6 2. Nc3 g6 3. g3 Bg7 4. Bg2 O-O 5. e4 d6 6. Nge2 e5 7. O-O Bg4 8. h3 Bxe2 9. Nxe2 c5 10. d3 Nc6 11. Be3 b6 12. Qd2 Rc8 13. f4 exf4 14. Bxf4 Nh5 15. Be3 Be5 16. Kh2 Qh4 17. Rf3 Rce8 18. Nf4 Bxf4 19. Bxf4 Qe7 20. Bh6 Ng7 21. Raf1 Nd4 22. Rf6 Qe5 23. Qf4 Qe7 24. Bxg7 Kxg7 25. Qxd6 Qb7 26. e5 Rd8 27. Bxb7 Rxd6 28. exd6 1-0

[Event "4NCL Online Division 4"]
[Site "online"]
[Date "2021.09.07"]
[EventDate "2021.09.07"]
[Round "2.14"]
[White "Shkuratovskyi, Makariy"]
[WhiteElo "1270"]
[WhiteTeam "Kent KJCA Kestrels 5"]
[Black "Whitehead, Steve"]
[BlackElo "1760"]
[BlackTeam "Eagle and Child"]
[Result "0-1"]
[PlyCount "102"]

1. e4 d5 2. exd5 Qxd5 3. Nc3 Qd6 4. Nf3 Nf6 5. d4 g6 6. Be2 Bg7 7. O-O O-O 8. Be3 a6 9. Qd2 b5 10. Bh6 b4 11. Na4 Nbd7 12. Bxg7 Kxg7 13. c3 Bb7 14. cxb4 Rad8 15. Rad1 Bxf3 16. Bxf3 Nb6 17. Nxb6 cxb6 18. a3 Nd5 19. Bxd5 Qxd5 20. Qd3 e5 21. Rd2 b5 22. Rfd1 e4 23. Qc3 Rc8 24. Qg3 f5 25. Qe5+ Qxe5 26. dxe5 Rfe8 27. Rd5 Rc2 28. Rb1 Rec8 29. Rdd1 Kf7 30. Kf1 Ke6 31. Ke1 Kxe5 32. Rd2 f4 33. Ke2 g5 34. Kd1 R2c6 35. Ke2 h5 36. Rbd1 Rc2 37. Rxc2 Rxc2+ 38. Rd2 Rxd2+ 39. Kxd2 Kd4 40. b3 g4 41. g3 e3+ 42. fxe3+ fxe3+ 43. Ke2 Ke4 44. a4 Kd4 45. axb5 axb5 46. Ke1 Kd3 47. Kd1 e2+ 48. Ke1 Ke3 49. h3 Kf3 50. hxg4 hxg4 51. Kd2 Kf2 0-1